Vista normal Vista MARC

Entrada Corporate Name

Número de registros utilizados en: 1

001 - CONTROL NUMBER

  • control field: 19682

003 - CONTROL NUMBER IDENTIFIER

  • control field: OSt

005 - DATE AND TIME OF LATEST TRANSACTION

  • control field: 20230915230737.0

008 - FIXED-LENGTH DATA ELEMENTS

  • fixed length control field: 230915|| aca||aabn | a|a d

040 ## - CATALOGING SOURCE

  • Original cataloging agency: OSt
  • Transcribing agency: OSt

110 ## - HEADING--CORPORATE NAME

  • Corporate name or jurisdiction name as entry element: Centro Nacional de Bolivia de Formacion y Capacitacion de Niños y Jovenes

670 ## - SOURCE DATA FOUND

  • Source citation: Work cat.: (OSt)24233: Centro Nacional de Bolivia de Formacion y Capacitacion de Niños y Jovenes, Censo de instituciones que atienden niños y adolescentes en situacion de riesgo social, 1995









Instituto Departamental de Cultura del Meta - Red Departamental de Bibliotecas Públicas del Meta.